| 000 | 00515nam a2200181 a 4500 | ||
|---|---|---|---|
| 005 | 20250523063818.0 | ||
| 008 | 991125s1969 fr 000 0 spa u | ||
| 035 | _aUPN01000043595 | ||
| 049 | _aCG | ||
| 050 | 4 |
_aLB1115 _bG7.68 |
|
| 100 | 1 |
_aGreenough, Richard _930898 |
|
| 245 | 1 | 0 |
_aPara los niños del mundo / _cpor Richard Greenough. |
| 260 |
_aParís : _bUNESCO, _c1969. |
||
| 300 |
_a66 p. : _bil. |
||
| 440 | 3 | _aLa UNESCO y su programa | |
| 650 | 2 |
_aEducación de niños _vCongresos _917805 |
|
| 905 | _aLibro | ||
| 999 |
_c43595 _d43595 |
||